[Event "Top 16 2010"]
[Site "Evry"]
[Date "2010.03.26"]
[Round "1.4"]
[White "Aguettaz, Maxime"]
[Black "Dorfman, Iossif"]
[Result "1/2-1/2"]
[WhiteElo "2389"]
[BlackElo "2587"]
[PlyCount "39"]
[EventDate "26.??.??"]
[WhiteTeam "Noyon"]
[BlackTeam "Evry Grand Roque"]

1. c4 e5 2. Nc3 Nf6 3. Nf3 Nc6 4. d3 d5 5. cxd5 Nxd5 6. g3 Be7 7. Bg2 Be6 8.
O-O O-O 9. Bd2 Qd7 10. Rc1 Rfd8 11. Ne4 f6 12. Nc5 Bxc5 13. Rxc5 Nd4 14. Nxd4
exd4 15. Qc2 c6 16. b4 Nc7 17. a4 a6 18. Bf4 Nd5 19. Bd2 Nc7 20. Bf4 1/2-1/2

[Event "Top 16 2010"]
[Site "Evry"]
[Date "2010.03.28"]
[Round "3.2"]
[White "Cornette, Matthieu"]
[Black "Magem Badals, Jordi"]
[Result "0-1"]
[WhiteElo "2552"]
[BlackElo "2576"]
[PlyCount "124"]
[EventDate "2010.??.??"]
[WhiteTeam "Guingamp"]
[BlackTeam "Noyon"]

1. e4 c6 2. d4 d5 3. Nc3 dxe4 4. Nxe4 Bf5 5. Nc3 Bg6 6. h4 h6 7. Nf3 Nd7 8. h5
Bh7 9. Bd3 Bxd3 10. Qxd3 e6 11. Bd2 Ngf6 12. O-O-O Be7 13. Kb1 O-O 14. Ne4 c5
15. g4 Nxg4 16. Qe2 cxd4 17. Nxd4 Ndf6 18. Nxf6+ Nxf6 19. Bxh6 gxh6 20. Nxe6
Qb6 21. Rhg1+ Kh8 22. Nxf8 Bxf8 23. Rd3 Re8 24. Qf3 Bg7 25. c3 Qb5 26. Rd4 b6
27. Qg2 Bf8 28. a4 Qf5+ 29. Ka1 Re4 30. Rxe4 Qxe4 31. Qxe4 Nxe4 32. Re1 Nc5 33.
Re8 Kg7 34. Ra8 a5 35. Rb8 Nxa4 36. Kb1 Bd6 37. Rb7 Kf6 38. Kc2 Be5 39. f3 Ke6
40. b3 Nxc3 41. Rxb6+ Ke7 42. Rb7+ Ke6 43. Rb6+ Kf5 44. Rxh6 Nd5 45. Kd3 Bf6
46. Kc4 Nc7 47. Rh7 Ke6 48. Kc5 Ne8 49. Kb5 Nd6+ 50. Kxa5 Nf5 51. b4 Ke7 52. b5
Kf8 53. b6 Kg8 54. Rxf7 Kxf7 55. f4 Bd4 56. Kb5 Ne7 57. Ka6 Be3 58. f5 Nc6 59.
Kb7 Nb4 60. h6 Bxh6 61. Kc8 Bf4 62. b7 Na6 0-1

[Event "Top 16 2010"]
[Site "Evry"]
[Date "2010.03.28"]
[Round "3.4"]
[White "Terrieux, Kevin"]
[Black "Clery, Nicolas"]
[Result "1/2-1/2"]
[WhiteElo "2423"]
[BlackElo "2391"]
[PlyCount "132"]
[EventDate "2010.??.??"]
[WhiteTeam "Guingamp"]
[BlackTeam "Noyon"]

1. d4 d5 2. Nf3 Nf6 3. c4 e6 4. Nc3 Be7 5. cxd5 exd5 6. Bg5 c6 7. Qc2 g6 8. e3
Bf5 9. Bd3 Bxd3 10. Qxd3 Nbd7 11. Bh6 Ng4 12. Bf4 O-O 13. h3 Ngf6 14. h4 Bb4
15. a3 Qa5 16. Rc1 Bxc3+ 17. Qxc3 Qxc3+ 18. Rxc3 Ne4 19. Rc2 h5 20. Ne5 Nef6
21. Nd3 a5 22. a4 Rfc8 23. Ke2 Ne8 24. f3 Nc7 25. Ne5 Nxe5 26. Bxe5 Ne8 27. g4
f6 28. Bf4 Ng7 29. Kd3 Kf7 30. Rg1 Ne6 31. Bd6 Rd8 32. Bg3 Rac8 33. Rgc1 Rh8
34. Rc3 Rhd8 35. Be1 Rd7 36. Rb3 Ra8 37. Rb6 f5 38. gxh5 gxh5 39. Bg3 f4 40.
Bxf4 Nxf4+ 41. exf4 Re7 42. Rg1 Rg8 43. Rg5 Rxg5 44. fxg5 Kg6 45. Kd2 Kf5 46.
Rb3 Kf4 47. Rc3 Re6 48. Ra3 Re7 49. Rb3 Kg3 50. Re3 Rg7 51. Re5 Kxh4 52. f4 Kg4
53. Ke3 h4 54. Re6 h3 55. Rh6 Re7+ 56. Kd3 Kxf4 57. Rxh3 Kxg5 58. Rh8 Kf5 59.
Rf8+ Kg4 60. Rf6 Kg5 61. Rf8 Rh7 62. Kc3 Kg6 63. Kc2 Rf7 64. Re8 Rf2+ 65. Kc3
Rf3+ 66. Kc2 Rf2+ 1/2-1/2

[Event "Top 16 2010"]
[Site "Marseille"]
[Date "2010.05.02"]
[Round "7.1"]
[White "Magem Badals, Jordi"]
[Black "Bauer, Christian"]
[Result "1/2-1/2"]
[WhiteElo "2576"]
[BlackElo "2607"]
[PlyCount "38"]
[EventDate "2010.05.03"]
[WhiteTeam "Noyon"]
[BlackTeam "Vandoeuvre"]


1. e4 g6 2. d4 Bg7 3. Nf3 d6 4. Nc3 a6 5. Be3 b5 6. Bd3 Bb7 7. a4 b4 8. Ne2 Nd7
9. c3 Ngf6 10. Ng3 bxc3 11. bxc3 c5 12. O-O O-O 13. h3 Qa5 14. Bd2 Qc7 15. Qe2
Rfb8 16. Rfb1 e6 17. Bf4 e5 18. dxe5 Nxe5 19. Nxe5 dxe5 1/2-1/2

[Event "Top 16 2010"]
[Site "Marseille"]
[Date "2010.05.02"]
[Round "7.2"]
[White "Meier, Georg"]
[Black "Gofshtein, Leonid"]
[Result "1-0"]
[WhiteElo "2663"]
[BlackElo "2540"]
[PlyCount "81"]
[EventDate "2010.05.03"]
[WhiteTeam "Vandoeuvre"]
[BlackTeam "Noyon"]

1. Nf3 e6 2. c4 f5 3. Nc3 Nf6 4. g3 d5 5. cxd5 exd5 6. Bg2 c6 7. O-O Be7 8. e3
O-O 9. b3 a5 10. a3 Na6 11. Qc2 Ne4 12. Ne2 Qb6 13. Rb1 Nd6 14. Nfd4 Qc5 15.
Qa2 Nc7 16. Bb2 Ne4 17. d3 Nf6 18. Rfc1 Qa7 19. Ba1 Bd7 20. Qb2 Nfe8 21. Nf4
Rf7 22. h4 Nd6 23. Nf3 Bf6 24. Qe2 Bxa1 25. Rxa1 Re7 26. d4 a4 27. b4 Ne4 28.
Ne5 Be8 29. Bh3 g6 30. g4 fxg4 31. Qxg4 Rg7 32. f3 h5 33. Qg2 Nf6 34. Kh1 Qb8
35. Rg1 Qd8 36. Ra2 Qe7 37. Qg5 Kh7 38. Nfxg6 Bxg6 39. Nxg6 Qd6 40. Bf5 Kg8 41.
Rag2 1-0

[Event "Top 16 2010"]
[Site "Marseille"]
[Date "2010.05.02"]
[Round "7.2"]
[White "Sokolov, Ivan"]
[Black "Nezar, Mustapha"]
[Result "0-1"]
[WhiteElo "2638"]
[BlackElo "2398"]
[PlyCount "84"]
[EventDate "2010.05.03"]
[WhiteTeam "Noyon"]
[BlackTeam "Vandoeuvre"]

1. d4 d5 2. c4 c6 3. Nc3 Nf6 4. Nf3 e6 5. g3 Nbd7 6. Bg2 dxc4 7. O-O Bd6 8. Qc2
O-O 9. Rd1 Qe7 10. a4 a5 11. Nd2 Nb6 12. Nde4 Nxe4 13. Nxe4 Bb4 14. Ng5 g6 15.
Nf3 f6 16. Bf4 Bd7 17. e4 c5 18. d5 e5 19. Bh6 Rf7 20. Nd2 Qe8 21. Nxc4 Nxc4
22. Qxc4 Bxa4 23. b3 Bb5 24. Qc2 Qd7 25. h4 Qg4 26. d6 Rd8 27. Rd5 b6 28. Rad1
Be2 29. Kh2 Bxd1 30. Rxd1 g5 31. Bh3 Qh5 32. Be6 Qxh6 33. Bxf7+ Kxf7 34. Qc4+
Kg6 35. Qe6 gxh4 36. Kg2 hxg3 37. Rh1 Qf4 38. f3 c4 39. Rxh7 Kxh7 40. Qe7+ Kg6
41. Qxd8 Qd2+ 42. Kxg3 Qe1+ 0-1

[Event "Top 16 2010"]
[Site "Marseille"]
[Date "2010.05.02"]
[Round "7.4"]
[White "Brunner, Nicolas"]
[Black "Marcelin, Cyril"]
[Result "1-0"]
[WhiteElo "2420"]
[BlackElo "2499"]
[PlyCount "59"]
[EventDate "2010.05.03"]
[WhiteTeam "Vandoeuvre"]
[BlackTeam "Noyon"]


1. d4 d5 2. c4 e6 3. Nc3 Nf6 4. cxd5 exd5 5. Bg5 c6 6. e3 Be7 7. Qc2 Nbd7 8.
Bd3 Nh5 9. Bxe7 Qxe7 10. Nge2 Nb6 11. O-O Bg4 12. Rae1 Bxe2 13. Rxe2 Kf8 14. e4
Nf4 15. Re3 dxe4 16. Bxe4 Qd6 17. Rd1 h5 18. g3 Nfd5 19. Bxd5 Nxd5 20. Nxd5
cxd5 21. Rc1 Rh6 22. Qc8+ Qd8 23. Qxd8+ Rxd8 24. Rc7 Re8 25. Rxe8+ Kxe8 26.
Rxb7 a6 27. h4 Rc6 28. Ra7 g6 29. Kf1 Re6 30. a3 1-0

[Event "Top 16 2010"]
[Site "Marseille"]
[Date "2010.05.02"]
[Round "7.5"]
[White "Aguettaz, Maxime"]
[Black "Genzling, Alain"]
[Result "0-1"]
[WhiteElo "2389"]
[BlackElo "2398"]
[PlyCount "68"]
[EventDate "2010.05.03"]
[WhiteTeam "Noyon"]
[BlackTeam "Vandoeuvre"]

1. c4 c5 2. Nc3 g6 3. g3 Bg7 4. Bg2 Nc6 5. a3 a5 6. Nf3 e5 7. d3 d6 8. O-O Nge7
9. Bg5 f6 10. Bd2 Be6 11. Ne1 O-O 12. Rc1 b6 13. Nc2 d5 14. cxd5 Nxd5 15. Nxd5
Bxd5 16. Bxd5+ Qxd5 17. Ne3 Qe6 18. Nc4 Rab8 19. b4 axb4 20. axb4 cxb4 21. Be3
Ne7 22. Rb1 Nd5 23. Qb3 Nc3 24. Rb2 b5 25. Na5 Qxb3 26. Nxb3 Rfc8 27. f3 f5 28.
Kf2 Ra8 29. Bc5 Na4 30. Rc2 Bf8 31. Rfc1 Nxc5 32. Nxc5 Ra3 33. d4 exd4 34. Nd3
Rac3 0-1

[Event "Top 16 2010"]
[Site "Marseille"]
[Date "2010.05.02"]
[Round "7.6"]
[White "Philippe, Christophe"]
[Black "Housieaux, David"]
[Result "1/2-1/2"]
[WhiteElo "2428"]
[BlackElo "2431"]
[PlyCount "84"]
[EventDate "2010.05.03"]
[WhiteTeam "Vandoeuvre"]
[BlackTeam "Noyon"]

1. e4 e6 2. d4 d5 3. e5 c5 4. c3 Nc6 5. Nf3 Qb6 6. Bd3 Bd7 7. dxc5 Bxc5 8. Qe2
a5 9. Nbd2 a4 10. b4 axb3 11. Nxb3 Ba3 12. O-O Nge7 13. Rb1 Qc7 14. Nbd4 Nd8
15. h4 h6 16. h5 O-O 17. Bd2 f5 18. exf6 Rxf6 19. Ne5 Nf5 20. g4 Nxd4 21. cxd4
Nc6 22. Nxc6 Bxc6 23. g5 hxg5 24. Bxg5 Raf8 25. Bxf6 Rxf6 26. f4 Bd6 27. Rf2
Bxf4 28. Rbf1 Bd7 29. Rg2 e5 30. dxe5 Bxe5 31. Rxf6 Bxf6 32. Qf3 Qc5+ 33. Kh1
Be5 34. Bg6 Bc6 35. Qf7+ Kh8 36. Rc2 Qb4 37. Rxc6 Qe1+ 38. Kg2 Qe2+ 39. Qf2
Qg4+ 40. Kf1 Qd1+ 41. Kg2 Qg4+ 42. Kf1 Qd1+ 1/2-1/2

[Event "Top 16 2010"]
[Site "Marseille"]
[Date "2010.05.02"]
[Round "7.7"]
[White "Nguyen, Chi-Minh"]
[Black "Paci, Cédric"]
[Result "1/2-1/2"]
[WhiteElo "2439"]
[BlackElo "2345"]
[PlyCount "70"]
[EventDate "2010.05.03"]
[WhiteTeam "Noyon"]
[BlackTeam "Vandoeuvre"]

1. d4 e6 2. c4 b6 3. Nc3 Bb7 4. a3 f5 5. d5 Nf6 6. g3 Na6 7. Bg2 Nc5 8. Nh3 Bd6
9. O-O O-O 10. Nb5 Be5 11. f4 Bd6 12. Nf2 a5 13. Be3 a4 14. Nxd6 cxd6 15. Bxc5
bxc5 16. e4 fxe4 17. Nxe4 Nxe4 18. Bxe4 Qf6 19. Qc2 Qd4+ 20. Rf2 exd5 21. Bxh7+
Kh8 22. Bg6 dxc4 23. Rd1 Qe3 24. Qxc4 Rf6 25. f5 Qe4 26. Qxe4 Bxe4 27. Rc1 Ra5
28. g4 d5 29. g5 Rf8 30. Rc3 Kg8 31. Rh3 Ra6 32. Bh7+ Kf7 33. Bg6+ Kg8 34. Bh7+
Kf7 35. Bg6+ Kg8 1/2-1/2

[Event "Top 16 2010"]
[Site "Marseille"]
[Date "2010.05.02"]
[Round "7.8"]
[White "Congiu, Mathilde"]
[Black "Assad, Karine"]
[Result "1/2-1/2"]
[WhiteElo "2175"]
[BlackElo "2056"]
[PlyCount "102"]
[EventDate "2010.05.03"]
[WhiteTeam "Vandoeuvre"]
[BlackTeam "Noyon"]

1. e4 e6 2. Nf3 d5 3. Nc3 Nf6 4. e5 Nfd7 5. d4 c5 6. dxc5 Nc6 7. Bf4 a6 8. Bd3
Nxc5 9. O-O Be7 10. Re1 Bd7 11. Bf1 O-O 12. a4 Kh8 13. Nd4 Qb6 14. Nxc6 bxc6
15. Rb1 Qb4 16. Bd2 Qb8 17. b4 Nb7 18. Bd3 Qe8 19. Re3 f5 20. Rh3 c5 21. b5 c4
22. bxa6 Nc5 23. Bf1 Rxa6 24. Nb5 Rxa4 25. Nd6 Bxd6 26. exd6 Ra8 27. Bg5 Qf7
28. Qd4 Rfc8 29. Qh4 g6 30. Qd4+ Kg8 31. Be3 Be8 32. Qe5 Nd7 33. Qg3 e5 34. Bg5
Rcb8 35. Rxb8 Rxb8 36. f4 e4 37. Qe3 Qg7 38. Qa7 Qb2 39. c3 Qb6+ 40. Qxb6 Rxb6
41. Be7 Nc5 42. Kf2 Ne6 43. Ke3 Kg7 44. g4 fxg4 45. Rg3 h5 46. h3 Rb3 47. Kd2
Rb2+ 48. Ke1 Rb1+ 49. Kf2 Rb2+ 50. Ke1 Rb1+ 51. Kf2 Rb2+ 1/2-1/2

[Event "Top 16 2010"]
[Site "Marseille"]
[Date "2010.05.02"]
[Round "7.2"]
[White "Bellaiche, Anthony"]
[Black "Kogan, Arthur"]
[Result "1-0"]
[WhiteElo "2443"]
[BlackElo "2524"]
[PlyCount "87"]
[EventDate "2010.05.03"]
[WhiteTeam "Deauville"]
[BlackTeam "Evry"]

1. d4 Nf6 2. c4 e6 3. Nc3 Bb4 4. e3 O-O 5. Bd3 c5 6. Nf3 d6 7. O-O Re8 8. Ne2
Nbd7 9. e4 cxd4 10. a3 Ba5 11. b4 Bc7 12. Nexd4 Nf8 13. Nb5 e5 14. h3 Ne6 15.
Nxc7 Qxc7 16. Be3 b6 17. Re1 Bb7 18. Bd2 Nd7 19. Nh2 Ndf8 20. Ng4 Ng6 21. g3
Nd4 22. Ne3 Qd7 23. Qh5 Ne7 24. Bc3 g6 25. Qd1 f5 26. Nd5 Nxd5 27. cxd5 Rac8
28. Bxd4 exd4 29. Bf1 fxe4 30. Qxd4 Qf5 31. Rad1 Re5 32. Rc1 Rf8 33. Rc7 Bxd5
34. Bg2 Rf7 35. Rec1 Qf6 36. Rxf7 Qxf7 37. Rc8+ Kg7 38. Qc3 Kh6 39. Rc7 Qf6 40.
Qe3+ Qg5 41. Qe1 Qf5 42. Kh2 Re6 43. Qe3+ Qg5 44. Rxh7+ 1-0

[Event "Top 16 2010"]
[Site "Marseille"]
[Date "2010.05.02"]
[Round "7.5"]
[White "Relange, Eloi"]
[Black "Azardharf, Farrokh"]
[Result "1-0"]
[WhiteElo "2455"]
[BlackElo "2245"]
[PlyCount "65"]
[EventDate "2010.05.03"]
[WhiteTeam "Evry"]
[BlackTeam "Deauville"]

1. d4 Nf6 2. Nf3 g6 3. c4 c5 4. g3 Bg7 5. Bg2 O-O 6. O-O Nc6 7. Nc3 cxd4 8.
Nxd4 Ng4 9. e3 Nge5 10. b3 d6 11. h3 Qa5 12. Bd2 Nxd4 13. exd4 Nc6 14. Re1 Qd8
15. d5 Nd4 16. Rc1 e5 17. dxe6 fxe6 18. Ne2 Nf5 19. Bc3 e5 20. Qd5+ Kh8 21. c5
dxc5 22. Qxc5 b6 23. Qxf8+ Qxf8 24. Bxa8 Ba6 25. Bc6 Ne7 26. Be4 Ng8 27. Bb2
Nf6 28. Bg2 Nd7 29. Rc7 Qd6 30. Rxa7 Qd2 31. Bc3 Qd3 32. Bf1 h5 33. Rc1 1-0

[Event "Top 16 2010"]
[Site "Marseille"]
[Date "2010.05.02"]
[Round "7.6"]
[White "Geenen, Marc"]
[Black "Muzychuk, Anna"]
[Result "1/2-1/2"]
[WhiteElo "2327"]
[BlackElo "2533"]
[PlyCount "105"]
[EventDate "2010.05.03"]
[WhiteTeam "Deauville"]
[BlackTeam "Evry"]

1. e4 c5 2. Nf3 Nc6 3. d4 cxd4 4. Nxd4 Nf6 5. Nc3 e6 6. Ndb5 Bc5 7. Bf4 O-O 8.
Bc7 Qe7 9. Bd6 Bxd6 10. Qxd6 Qd8 11. O-O-O a6 12. Nd4 Qb6 13. Nxc6 bxc6 14. f3
Qa5 15. a3 Ne8 16. Qg3 d5 17. Bd3 Bb7 18. Rhe1 Rd8 19. exd5 cxd5 20. Re5 Qc7
21. f4 Nf6 22. Qh4 Ne4 23. Re1 h6 24. Nxe4 dxe4 25. Bxe4 Rd4 26. Bxb7 Qxb7 27.
Qf2 Rc4 28. Rc5 Rxc5 29. Qxc5 Qxg2 30. Qg1 Qd5 31. Kb1 Rc8 32. Qe3 a5 33. Qe2
Qd4 34. Qe3 Qd6 35. Rc1 Rc4 36. Qe5 Qb6 37. f5 Rc5 38. Qe3 exf5 39. Qe8+ Kh7
40. Qxf7 Rb5 41. b3 a4 42. b4 Qd4 43. Rf1 Re5 44. Qh5 f4 45. Qg4 Re8 46. h4 Rf8
47. h5 Kh8 48. Qf3 Qe5 49. Rd1 Rc8 50. Rd5 Qe1+ 51. Rd1 Qe5 52. Rd5 Qe1+ 53.
Rd1 1/2-1/2

[Event "Top 16 2010"]
[Site "Marseille"]
[Date "2010.05.02"]
[Round "7.7"]
[White "Chabanon, Jean-Luc"]
[Black "Godard, Maxence"]
[Result "1-0"]
[WhiteElo "2455"]
[BlackElo "2340"]
[PlyCount "155"]
[EventDate "2010.05.03"]
[WhiteTeam "Evry"]
[BlackTeam "Deauville"]

1. c4 e5 2. g3 Nc6 3. Bg2 g6 4. Nc3 Bg7 5. Rb1 a5 6. a3 d6 7. b4 axb4 8. axb4
Nge7 9. e3 Bf5 10. d3 Qd7 11. h3 O-O 12. Nf3 h6 13. b5 Nd8 14. e4 Be6 15. Nd5
Kh7 16. Nh4 Nc8 17. Ne3 c6 18. Nhf5 gxf5 19. exf5 Ne7 20. Qh5 d5 21. bxc6 bxc6
22. fxe6 Qxe6 23. O-O f5 24. cxd5 cxd5 25. Rb5 e4 26. dxe4 dxe4 27. h4 Ndc6 28.
Bh3 Nd4 29. Rb7 Rae8 30. Ba3 Nd5 31. Bxf8 Rxf8 32. Rfb1 Nxe3 33. fxe3 Nf3+ 34.
Kh1 Qe5 35. Rf7 Qxg3 36. Qxf5+ Kg8 37. Rxf8+ Bxf8 38. Qg4+ Qxg4 39. Bxg4 Nxh4
40. Rf1 Bc5 41. Rf4 Kg7 42. Rxe4 Kf6 43. Re6+ Kg5 44. Bd1 Ba7 45. Re7 Bb6 46.
Bc2 Nf3 47. Rg7+ Kh4 48. Bf5 Ng5 49. e4 Kg3 50. Rg6 Be3 51. e5 Kf4 52. e6 Bc5
53. Bc2 Ke5 54. Bb3 Be7 55. Rxh6 Kf5 56. Ba4 Ke5 57. Bd7 Kd6 58. Rh2 Ne4 59.
Ra2 Nc5 60. Rd2+ Ke5 61. Bc8 Bg5 62. Re2+ Kd6 63. Kg2 Kc7 64. Rc2 Kd6 65. Ra2
Kc7 66. Ra8 Kd6 67. Kf3 Ke5 68. Ra7 Kd6 69. Kg4 Be7 70. Kf5 Bh4 71. Rh7 Be7 72.
Rh8 Nd3 73. Rh1 Nc5 74. Rd1+ Kc7 75. Bd7 Bd6 76. Bb5 Be7 77. Kg6 Nxe6 78. Kf7
1-0

[Event "Top 16 2010"]
[Site "Marseille"]
[Date "2010.05.02"]
[Round "7.2"]
[White "Lazarev, Vladimir"]
[Black "Cornette, Matthieu"]
[Result "0-1"]
[WhiteElo "2468"]
[BlackElo "2552"]
[PlyCount "78"]
[EventDate "2010.05.03"]
[WhiteTeam "Drancy"]
[BlackTeam "Guingamp"]

1. d4 Nf6 2. c4 g6 3. Nc3 d5 4. Bf4 Bg7 5. e3 O-O 6. Rc1 Be6 7. c5 c6 8. Nf3
Bg4 9. Be2 Bxf3 10. Bxf3 Nfd7 11. O-O e5 12. dxe5 Nxe5 13. Be2 Nbd7 14. b4 Qe7
15. Qc2 a5 16. a3 f5 17. Bg3 axb4 18. axb4 g5 19. f3 Ng6 20. Bf2 Ra3 21. Nb1
Rxe3 22. Bd3 Rxd3 23. Qxd3 Nf4 24. Qd2 Ne2+ 25. Kh1 Nxc1 26. Rxc1 Qf6 27. Nc3
Ne5 28. b5 Nc4 29. Qa2 Re8 30. g3 Qe6 31. bxc6 bxc6 32. Qc2 g4 33. Qd1 d4 34.
Bxd4 Rd8 35. Qe2 Qxe2 36. Nxe2 gxf3 37. Rxc4 fxe2 38. Bf2 Rd1+ 39. Kg2 e1=Q 0-1

[Event "Top 16 2010"]
[Site "Marseille"]
[Date "2010.05.02"]
[Round "7.3"]
[White "Dumitrache, Dragos"]
[Black "Legky, Nikolay"]
[Result "1/2-1/2"]
[WhiteElo "2467"]
[BlackElo "2428"]
[PlyCount "35"]
[EventDate "2010.05.03"]
[WhiteTeam "Guingamp"]
[BlackTeam "Drancy"]

1. d4 d5 2. c4 e6 3. Nc3 Nf6 4. Bg5 Be7 5. e3 Nbd7 6. Nf3 O-O 7. Qc2 b6 8. cxd5
exd5 9. Bd3 c5 10. Ne5 Bb7 11. Nxd7 Nxd7 12. Bxh7+ Kh8 13. h4 cxd4 14. exd4 g6
15. Bxg6 fxg6 16. Qxg6 Nf6 17. Qh6+ Kg8 18. Qg6+ 1/2-1/2

[Event "Top 16 2010"]
[Site "Marseille"]
[Date "2010.05.02"]
[Round "7.4"]
[White "Todorov, Todor"]
[Black "Terrieux, Kévin"]
[Result "0-1"]
[WhiteElo "2493"]
[BlackElo "2423"]
[PlyCount "65"]
[EventDate "2010.05.03"]
[WhiteTeam "Drancy"]
[BlackTeam "Guingamp"]

1. b3 Nf6 2. Bb2 g6 3. e4 Bg7 4. g3 d6 5. Bg2 O-O 6. d4 e5 7. dxe5 Nfd7 8. Nc3
dxe5 9. Nf3 Na6 10. Qe2 c6 11. O-O Re8 12. Rfd1 Qc7 13. a4 Ndc5 14. a5 Ne6 15.
Nb1 b5 16. Qe3 Bb7 17. Bh3 b4 18. Nbd2 c5 19. Bf1 Nd4 20. Ne1 Qe7 21. Bc4 Nc7
22. a6 Bc6 23. Ra5 Kh8 24. c3 bxc3 25. Qxc3 f5 26. Bf1 Nce6 27. Nd3 fxe4 28.
Nxc5 Ng5 29. Qe3 Bh6 30. Bxd4 exd4 31. Qxd4+ Bg7 32. Qe3 Rad8 33. Nd3 {
suite illisible 0-1 au 43ème coup.} 0-1

[Event "Top 16 2010"]
[Site "Marseille"]
[Date "2010.05.02"]
[Round "7.5"]
[White "Bailet, Pierre"]
[Black "Giffard, Nicolas"]
[Result "1-0"]
[WhiteElo "2367"]
[BlackElo "2361"]
[PlyCount "85"]
[EventDate "2010.05.03"]
[WhiteTeam "Guingamp"]
[BlackTeam "Drancy"]

1. d4 Nf6 2. c4 e6 3. Nf3 Bb4+ 4. Nbd2 d5 5. Qa4+ Nc6 6. a3 Bxd2+ 7. Bxd2 Ne4
8. e3 O-O 9. Bd3 f5 10. Qc2 a5 11. O-O Qe7 12. Be1 Kh8 13. Rc1 Nd6 14. cxd5
exd5 15. b4 axb4 16. axb4 Bd7 17. b5 Na7 18. b6 cxb6 19. Qb3 Qd8 20. Ne5 Be6
21. Bb4 Rf6 22. Ra1 Ndc8 23. f4 Rb8 24. Rfc1 Bg8 25. Be1 Rf8 26. Qb1 Be6 27.
Ra2 Nc6 28. Rxc6 bxc6 29. Nxc6 Qc7 30. Nxb8 Qxb8 31. Bb4 Rf7 32. Rc2 g6 33. Qc1
Ra7 34. Qe1 Nd6 35. Rc6 Rd7 36. Qh4 Qf8 37. Rxb6 Bg8 38. Bb5 Rd8 39. h3 Be6 40.
Bxd6 Rxd6 41. Rxd6 Qxd6 42. Qf6+ Kg8 43. Be8 1-0

[Event "Top 16 2010"]
[Site "Marseille"]
[Date "2010.05.02"]
[Round "7.6"]
[White "Karr, Jean-Philippe"]
[Black "Laurent, Julien"]
[Result "1-0"]
[WhiteElo "2385"]
[BlackElo "2319"]
[PlyCount "75"]
[EventDate "2010.05.03"]
[WhiteTeam "Drancy"]
[BlackTeam "Guingamp"]

1. d4 g6 2. c4 Bg7 3. Nf3 d6 4. Nc3 e5 5. e4 exd4 6. Nxd4 Ne7 7. Be2 Nbc6 8.
Be3 O-O 9. O-O f5 10. Nxc6 bxc6 11. Bd4 c5 12. Bxg7 Kxg7 13. a3 Nc6 14. exf5
Rxf5 15. Bf3 Bd7 16. b4 Rb8 17. bxc5 dxc5 18. Bg4 Rf7 19. Bxd7 Qxd7 20. Qa4 Ne5
21. Qxa7 Rb2 22. Qxc5 Nd3 23. Qd5 Qxd5 24. Nxd5 c6 25. Ne3 Ra7 26. Rfd1 Nxf2
27. Rd6 c5 28. a4 Ne4 29. Re6 Nc3 30. h3 Nxa4 31. Nd5 Rbb7 32. Rc6 Rf7 33. g4
g5 34. Ne3 Rfd7 35. Nf5+ Kf7 36. Nd6+ Kg7 37. Ne4 Rd4 38. Nxc5 1-0

[Event "Top 16 2010"]
[Site "Marseille"]
[Date "2010.05.02"]
[Round "7.7"]
[White "Le Goff, Damien"]
[Black "Bijaoui, Manuel"]
[Result "0-1"]
[WhiteElo "2281"]
[BlackElo "2410"]
[PlyCount "76"]
[EventDate "2010.05.03"]
[WhiteTeam "Guingamp"]
[BlackTeam "Drancy"]

1. e4 c5 2. Nf3 d6 3. d4 cxd4 4. Nxd4 Nf6 5. Nc3 a6 6. Be3 e5 7. Nb3 Be7 8. Be2
Be6 9. Nd5 Nbd7 10. Qd3 O-O 11. c4 b5 12. Nd2 Nc5 13. Qb1 bxc4 14. Nxe7+ Qxe7
15. Bxc5 dxc5 16. Bxc4 Rad8 17. Qc2 Rd4 18. f3 Rfd8 19. O-O-O Rb8 20. Kb1 a5
21. Bxe6 Qxe6 22. Rc1 Qb6 23. Ka1 a4 24. a3 h5 25. Rb1 Qb5 26. Rhc1 Rbd8 27.
Nc4 Qe8 28. Qc3 Qe6 29. Rc2 h4 30. Rbc1 Nh5 31. Qe1 h3 32. g3 Rd3 33. Qa5 Qe7
34. Nxe5 Qxe5 35. Rxc5 Qf6 36. Rxh5 Qxf3 37. Rc3 Qd1+ 38. Ka2 Rxc3 0-1

[Event "Top 16 2010"]
[Site "Marseille"]
[Date "2010.05.02"]
[Round "7.8"]
[White "Lefevre, Margaux"]
[Black "Le Diouron, Aurélie"]
[Result "1/2-1/2"]
[WhiteElo "2036"]
[BlackElo "1956"]
[PlyCount "84"]
[EventDate "2010.05.03"]
[WhiteTeam "Drancy"]
[BlackTeam "Guingamp"]

1. e4 e5 2. Nf3 Nf6 3. Nxe5 d6 4. Nf3 Nxe4 5. d4 d5 6. Bd3 Nc6 7. c3 Bd6 8. O-O
O-O 9. Qc2 Bf5 10. b3 Re8 11. Nbd2 Bg6 12. a3 f5 13. Bb2 Bh5 14. Rfe1 Qf6 15.
c4 Nxd2 16. Nxd2 Nxd4 17. Bxd4 Qxd4 18. Bxf5 Re2 19. Rxe2 Qxa1+ 20. Nf1 Bxe2
21. Qxe2 Qe5 22. Be6+ Kh8 23. Qxe5 Bxe5 24. Bxd5 c6 25. Be4 Rd8 26. Bc2 Bf4 27.
f3 g6 28. Kf2 Kg7 29. Ke2 Kf6 30. g3 Bc1 31. a4 Ke5 32. Be4 Rd4 33. Bc2 Kd6 34.
h4 Ke5 35. h5 Rd6 36. hxg6 hxg6 37. f4+ Kd4 38. Ke1 Kc3 39. Bd1 Bd2+ 40. Ke2
Re6+ 41. Kf2 Re1 42. Bg4 Rb1 1/2-1/2

[Event "Top 16 2010"]
[Site "Marseille"]
[Date "2010.05.02"]
[Round "7.1"]
[White "Bacrot, Etienne"]
[Black "Prié, Eric"]
[Result "1-0"]
[WhiteElo "2714"]
[BlackElo "2502"]
[PlyCount "117"]
[EventDate "2010.05.03"]
[WhiteTeam "Marseille"]
[BlackTeam "Montpellier"]

1. c4 e5 2. g3 Nf6 3. Bg2 h6 4. Nc3 Bb4 5. e4 Bxc3 6. bxc3 O-O 7. Ne2 d6 8. d3
Bd7 9. O-O Na6 10. f4 Re8 11. h3 Nc5 12. Be3 Ba4 13. Qd2 Nfd7 14. f5 Bc6 15. g4
a6 16. Ng3 b5 17. cxb5 axb5 18. Nh5 f6 19. h4 Ra4 20. g5 hxg5 21. hxg5 Kf7 22.
g6+ Ke7 23. Nxg7 Rh8 24. Ne6 Nxe6 25. fxe6 Kxe6 26. d4 Ke7 27. d5 Bb7 28. Qe2
Ra8 29. Rf3 c6 30. Rg3 cxd5 31. exd5 Qg8 32. Qxb5 Ba6 33. Qb1 Qg7 34. Qf5 Nf8
35. Qc2 Rh4 36. Rb1 Nd7 37. Qf5 Nf8 38. Qc2 Nd7 39. Rb4 Rah8 40. Qf5 Kd8 41.
Qe6 Kc7 42. Rxh4 Rxh4 43. Bh3 Nf8 44. Qf7+ Qxf7 45. gxf7 Kd8 46. Be6 Ke7 47.
Bb6 Rh7 48. Bc7 Bc4 49. Rg8 Rxf7 50. Bxd6+ Kxd6 51. Bxf7 Ke7 52. Rg7 f5 53. d6+
Kf6 54. Bxc4 Kxg7 55. a4 Kf6 56. a5 Nd7 57. a6 e4 58. a7 Nb6 59. Bd5 1-0

[Event "Top 16 2010"]
[Site "Marseille"]
[Date "2010.05.02"]
[Round "7.2"]
[White "Sarthou, Gaetan"]
[Black "Naiditsch, Arkadij"]
[Result "0-1"]
[WhiteElo "2386"]
[BlackElo "2691"]
[PlyCount "74"]
[EventDate "2010.05.03"]
[WhiteTeam "Montpellier"]
[BlackTeam "Marseille"]

1. e4 e5 2. Bc4 Nc6 3. Nf3 Nf6 4. d3 Bc5 5. O-O O-O 6. c3 d5 7. exd5 Nxd5 8.
Re1 Bg4 9. h3 Bh5 10. Nbd2 Nb6 11. Ne4 Nxc4 12. Nxc5 Nd6 13. g4 Bg6 14. Nxe5
Nxe5 15. Rxe5 b6 16. Nb3 f5 17. f4 fxg4 18. hxg4 Nc4 19. Re1 Bxd3 20. Qf3 Qh4
21. Be3 Rad8 22. Bf2 Qf6 23. f5 c5 24. Qh3 Ne5 25. Re3 Rd5 26. Rae1 Bb5 27. Bh4
g5 28. Bg3 Nd3 29. Re6 Qg7 30. c4 Nxe1 31. cxd5 Nf3+ 32. Kf2 Bc4 33. Bd6 Qxb2+
34. Kg3 Qc3 35. Qh5 Ne5+ 36. Kg2 Qf3+ 37. Kg1 Qg3+ 0-1

[Event "Top 16 2010"]
[Site "Marseille"]
[Date "2010.05.02"]
[Round "7.3"]
[White "Miton, Kamil"]
[Black "Litwak, Aleksej"]
[Result "1-0"]
[WhiteElo "2581"]
[BlackElo "2269"]
[PlyCount "109"]
[EventDate "2010.05.03"]
[WhiteTeam "Marseille"]
[BlackTeam "Montpellier"]

1. d4 d5 2. c4 e6 3. Nf3 c5 4. cxd5 exd5 5. g3 Nc6 6. Bg2 Nf6 7. O-O Be7 8.
dxc5 Bxc5 9. Qc2 Be7 10. Rd1 O-O 11. Nc3 Be6 12. e4 d4 13. e5 Ng4 14. Bf4 Qa5
15. Nxd4 Nxd4 16. Rxd4 g5 17. Nd5 Bxd5 18. Rxd5 Qb6 19. Qe2 Qxf2+ 20. Qxf2 Nxf2
21. Kxf2 gxf4 22. gxf4 Rfd8 23. Rad1 Rxd5 24. Bxd5 Rd8 25. Kf3 Kf8 26. Ke4 Bc5
27. Rd3 Rd7 28. f5 f6 29. exf6 Rd6 30. Rh3 Rxf6 31. Rxh7 Rb6 32. b3 Be7 33. h4
Rb4+ 34. Bc4 Rb6 35. h5 Bg5 36. Rf7+ Ke8 37. Rg7 Bh6 38. Rh7 Kf8 39. Be6 Bg7
40. h6 Bb2 41. Rf7+ Ke8 42. Rg7 Rb4+ 43. Bc4 Rb6 44. Rg6 Rf6 45. Rg8+ Kd7 46.
Rg7+ Kd6 47. Rxb7 Rxh6 48. Rxa7 Rh4+ 49. Kf3 Ke5 50. Ra5+ Kf6 51. Be6 Bc3 52.
Rb5 Be5 53. a4 Rh3+ 54. Ke4 Rh4+ 55. Kd5 1-0